Econometrics.// (Record no. 112487)

MARC details
000 -LEADER
fixed length control field 00433nam a22001697a 4500
003 - CONTROL NUMBER IDENTIFIER
control field BD-ChCU
005 - DATE AND TIME OF LATEST TRANSACTION
control field 20260428103835.0
008 - FIXED-LENGTH DATA ELEMENTS--GENERAL INFORMATION
fixed length control field 260428b bg ||||| |||| 00| 0 ben d
040 ## - CATALOGING SOURCE
Transcribing agency BD-ChCU
082 ## - DEWEY DECIMAL CLASSIFICATION NUMBER
Classification number 330.18 TIE
100 ## - MAIN ENTRY--PERSONAL NAME
Personal name Tintner, Gerhard.
9 (RLIN) 22016
245 ## - TITLE STATEMENT
Title Econometrics.//
Statement of responsibility, etc. Tintner, Gerhard.
260 ## - PUBLICATION, DISTRIBUTION, ETC.
Place of publication, distribution, etc. New York
Name of publisher, distributor, etc. John Wiley
Date of publication, distribution, etc. 1958
300 ## - PHYSICAL DESCRIPTION
Extent xiii, 370p
650 #0 - SUBJECT ADDED ENTRY--TOPICAL TERM
Topical term or geographic name entry element Economics.
9 (RLIN) 22019
942 ## - ADDED ENTRY ELEMENTS (KOHA)
Source of classification or shelving scheme Dewey Decimal Classification
Koha item type Books
Suppress in OPAC No
Holdings
Withdrawn status Lost status Source of classification or shelving scheme Damaged status Not for loan Home library Current library Shelving location Date acquired Source of acquisition Total Checkouts Full call number Barcode Date last seen Copy number Price effective from Koha item type
    Dewey Decimal Classification     Chittagong University Library Chittagong University Library Business and Social Science Reading Room 28/04/2026 Purchase   330.18 TIE 2439 28/04/2026 C-1 28/04/2026 Books
    Dewey Decimal Classification     Chittagong University Library Chittagong University Library Business and Social Science Reading Room 28/04/2026 Purchase   330.18 TIE 28146 28/04/2026 C-7 28/04/2026 Books
    Dewey Decimal Classification     Chittagong University Library Chittagong University Library Business and Social Science Reading Room 28/04/2026 Purchase   330.18 TIE 60986 28/04/2026 C-8 28/04/2026 Books
    Dewey Decimal Classification     Chittagong University Library Chittagong University Library Business and Social Science Reading Room 28/04/2026 Purchase   330.18 TIE 60987 28/04/2026 C-9 28/04/2026 Books
    Dewey Decimal Classification     Chittagong University Library Chittagong University Library Business and Social Science Reading Room 28/04/2026 Purchase   330.18 TIE 95627 28/04/2026 C-10 28/04/2026 Books
    Dewey Decimal Classification     Chittagong University Library Economics Seminar Library Business and Social Science Reading Room 28/04/2026 Purchase   330.18 TIE 3046 28/04/2026 C-4 28/04/2026 Books
    Dewey Decimal Classification     Chittagong University Library Statistics Seminar Library Business and Social Science Reading Room 28/04/2026 Purchase   330.18 TIE 2440 28/04/2026 C-2 28/04/2026 Books
    Dewey Decimal Classification     Chittagong University Library Statistics Seminar Library Business and Social Science Reading Room 28/04/2026 Purchase   330.18 TIE 2441 28/04/2026 C-3 28/04/2026 Books
    Dewey Decimal Classification     Chittagong University Library Statistics Seminar Library Business and Social Science Reading Room 28/04/2026 Purchase   330.18 TIE 3255 28/04/2026 C-5 28/04/2026 Books
    Dewey Decimal Classification     Chittagong University Library Statistics Seminar Library Business and Social Science Reading Room 28/04/2026 Purchase   330.18 TIE 3256 28/04/2026 C-6 28/04/2026 Books
© Copyright 2026. Chittagong University Library, Installation and Maintenance by Prof. Dr. Md. Alamgir, 01711306253